[Event "14. Off. Herner Stadtmeisterschaft 2011"]
[Site "?"]
[Date "2011.02.22"]
[Round "3.6"]
[White "Funke, Eckhard"]
[Black "Wolff, Christoph"]
[Result "1/2-1/2"]
[WhiteElo "1923"]
[BlackElo "2091"]
[PlyCount "32"]
[EventDate "2011.??.??"]
[WhiteTeam "SG Höntrop 1947"]
[BlackTeam "SC Buer-Hassel 1919"]

1. d4 Nf6 2. c4 g6 3. Nc3 d5 4. cxd5 Nxd5 5. e4 Nxc3 6. bxc3 Bg7 7. Bc4 c5 8.
Ne2 Nc6 9. Be3 O-O 10. O-O Qc7 11. Rc1 Rd8 12. Qc2 Na5 13. Qa4 a6 14. Bd3 b5
15. Qa3 e5 16. d5 c4 1/2-1/2

[Event "14. Off. Herner Stadtmeisterschaft 2011"]
[Site "?"]
[Date "2011.02.22"]
[Round "3.20"]
[White "Domnik, Roland"]
[Black "Quäschling, Udo"]
[Result "1-0"]
[WhiteElo "1715"]
[BlackElo "1787"]
[PlyCount "27"]
[EventDate "2011.??.??"]
[WhiteTeam "SC Gerthe 46"]
[BlackTeam "SV Constantin Herne"]

1. d4 d5 2. c4 dxc4 3. Nc3 e6 4. e4 Nc6 5. Nf3 Bd6 6. Bxc4 Nf6 7. O-O (7. e5
Be7 8. exf6 Bxf6 9. Be3) 7... O-O 8. a3 a6 9. b4 b5 10. Bb3 Bb7 11. Bc2 a5 12.
Qd3 Qb8 13. e5 Nd5 14. Qxh7# {Hoppla} 1-0

[Event "14. Off. Herner Stadtmeisterschaft 2011"]
[Site "?"]
[Date "2011.02.22"]
[Round "3.1"]
[White "Trzaska, Peter"]
[Black "Fischöder, Heiko"]
[Result "1/2-1/2"]
[WhiteElo "2126"]
[BlackElo "1989"]
[PlyCount "96"]
[EventDate "2011.??.??"]
[WhiteTeam "SK Herne-Sodingen 24"]
[BlackTeam "SV Unser Fritz W-E"]

1. c4 e5 2. Nf3 Nc6 3. Nc3 Nf6 4. g3 d5 5. cxd5 Nxd5 6. Bg2 Nb6 7. O-O Be7 8.
d3 O-O 9. Be3 Re8 10. Ne4 Nd5 11. Bc5 Bxc5 12. Nxc5 Rb8 13. Qa4 Nb6 14. Qc2 Qe7
15. Rac1 Rd8 16. Rfd1 Bd7 17. Nxd7 Qxd7 18. d4 Nxd4 19. Nxd4 exd4 20. Qxc7 Qe6
21. Qf4 Qxe2 22. Rd2 Qe6 23. b3 Qd6 24. Rcd1 Qxf4 25. gxf4 Kf8 26. Rxd4 Rxd4
27. Rxd4 Ke7 28. Rb4 Kd6 29. f5 Ke5 30. a4 Nd7 31. f4+ Kd6 32. Rd4+ Ke7 33. b4
b6 34. Rc4 Kd6 35. Rc6+ Ke7 36. Rc7 a5 37. f6+ gxf6 38. Bh3 Rd8 39. b5 Ke8 40.
Rb7 Nc5 41. Rxb6 Ke7 42. Rc6 Nxa4 43. Rc7+ Kf8 44. Bd7 Nb6 45. Bc6 Rd4 46. Rb7
Nc4 47. Ra7 Rxf4 48. Kg2 Rf5 1/2-1/2

[Event "14. Off. Herner Stadtmeisterschaft 2011"]
[Site "?"]
[Date "2011.02.22"]
[Round "3.2"]
[White "Gorzinski, Dariusz"]
[Black "Leveikina, Jevgenija"]
[Result "0-1"]
[WhiteElo "1911"]
[BlackElo "2100"]
[PlyCount "72"]
[EventDate "2011.??.??"]
[WhiteTeam "SC Schalksmühle"]
[BlackTeam "SK Herne-Sodingen 24"]

1. e4 e5 2. Nf3 Nc6 3. Bc4 Bc5 4. c3 Nf6 5. d3 d6 6. Nbd2 Na5 7. Bxf7+ Kxf7 8.
Ng5+ Ke8 9. b4 Ng4 10. bxc5 Qxg5 11. Nf3 Qg6 12. h3 Nf6 13. cxd6 cxd6 14. Ba3
Ng8 15. Qe2 Bd7 16. Nh4 Qf6 17. Nf5 Bxf5 18. exf5 Qe7 19. O-O Nf6 20. d4 e4 21.
Qb5+ Nc6 22. Rab1 Rd8 23. f3 a6 24. Qa4 Qd7 25. fxe4 Nxe4 26. Rbe1 d5 27. f6
gxf6 28. Rxf6 Ne7 29. Qb4 a5 30. Qb6 Rg8 31. Bxe7 Kxe7 32. Rh6 Qf5 33. Rf1
Rxg2+ 34. Kxg2 Qg5+ 35. Kh2 Qd2+ 36. Kg1 Rg8+ 0-1

[Event "14. Off. Herner Stadtmeisterschaft 2011"]
[Site "?"]
[Date "2011.02.22"]
[Round "3.7"]
[White "Ribbeheger, Edgar"]
[Black "Maczkowiak, Thomas"]
[Result "1-0"]
[WhiteElo "1978"]
[BlackElo "1932"]
[PlyCount "59"]
[EventDate "2011.??.??"]
[WhiteTeam "SK Herne-Sodingen 24"]
[BlackTeam "SG Ennepe-Ruhr-Süd"]

1. d4 Nf6 2. c4 g6 3. Nc3 d5 4. cxd5 Nxd5 5. e4 Nxc3 6. bxc3 Bg7 7. Bc4 O-O (
7... c5 8. Ne2 Nc6 9. Be3 cxd4 10. cxd4 b5 11. Bxb5 Qa5+ 12. Nc3 Qxc3+ 13. Bd2
Qxd4 14. Bxc6+ Bd7 15. Bxa8 Qxa1 16. Qxa1 Bxa1 17. O-O) 8. Ne2 c5 9. O-O Nc6
10. Be3 Qc7 11. Rc1 Rd8 12. Bb3 Na5 13. d5 e5 14. f4 c4 15. Ba4 f6 16. Qe1 b6
17. Qg3 Bd7 18. Bc2 Nb7 19. h4 Rf8 20. h5 Be8 21. fxe5 fxe5 22. hxg6 Bxg6 23.
Nd4 Nd6 24. Ne6 Rxf1+ 25. Rxf1 Qd7 26. Bg5 Nf7 27. Bf6 Bh8 28. Qf3 Qd6 29. Bxh8
Nxh8 30. Qf6 1-0

[Event "14. Off. Herner Stadtmeisterschaft 2011"]
[Site "?"]
[Date "2011.02.22"]
[Round "3.8"]
[White "Markert, Dirk"]
[Black "Wiechen, Ulrich"]
[Result "0-1"]
[WhiteElo "1859"]
[BlackElo "2152"]
[PlyCount "112"]
[EventDate "2011.??.??"]
[WhiteTeam "SV Kamen 1930"]
[BlackTeam "SC Buer-Hassel 1919"]

1. e4 e5 2. Nf3 Nc6 3. Bb5 a6 4. Bxc6 dxc6 5. d4 Bg4 6. dxe5 Qxd1+ 7. Kxd1
O-O-O+ 8. Ke2 f6 9. h3 Bxf3+ 10. gxf3 fxe5 11. Nd2 Nf6 12. Nc4 Re8 13. Rg1 g6
14. Bg5 Nh5 15. Rad1 Bg7 16. c3 Rhf8 17. h4 Rf7 18. a4 b6 19. Rd3 Bf6 20. Rdd1
Re6 21. Bxf6 Nxf6 22. Ke3 h6 23. Rd3 Nh5 24. Rgd1 Rf8 25. Rd7 b5 26. Na3 Ref6
27. Rh7 Rxf3+ 28. Kd2 Rxf2+ 29. Kc1 Re2 30. Nb1 Nf6 31. Rxh6 Nxe4 32. Nd2 Nxd2
33. Rxd2 Rf1+ 34. Kc2 Rxd2+ 35. Kxd2 Rg1 36. h5 Rg2+ 37. Kc1 gxh5 38. Rxh5 Re2
39. Rh7 a5 40. Kb1 Re4 41. axb5 cxb5 42. Kc2 Re2+ 43. Kd3 Rxb2 44. Re7 a4 45.
Rxe5 a3 46. Re1 a2 47. Ra1 c5 48. Ke4 Kc7 49. Kd5 Kb6 50. Kd6 Rd2+ 51. Ke5 Ka5
52. Ke4 Ka4 53. Ke3 Rh2 54. Ke4 Kb3 55. Kd5 Rh5+ 56. Kc6 Kb2 0-1

[Event "14. Off. Herner Stadtmeisterschaft 2011"]
[Site "?"]
[Date "2011.02.22"]
[Round "3.9"]
[White "Brinkmann, Uwe"]
[Black "Janke, Anatoli"]
[Result "1-0"]
[WhiteElo "1950"]
[BlackElo "1802"]
[PlyCount "91"]
[EventDate "2011.??.??"]
[WhiteTeam "SV Günnigfeld 1922"]
[BlackTeam "SK Dülmen 1952"]

1. d4 d5 2. c4 c6 3. cxd5 cxd5 4. Nc3 e6 5. Nf3 a6 6. Bf4 Nf6 7. e3 Nc6 8. Bd3
Bd6 9. Bg3 O-O 10. Rc1 h6 11. Bh4 Be7 12. Bb1 g6 13. O-O Nh5 14. Bxe7 Qxe7 15.
Na4 Rb8 16. Qb3 Na5 17. Qc3 Nc6 18. Bd3 Qb4 19. Qc2 Qe7 20. a3 Kg7 21. Nb6 Bd7
22. b4 Rfd8 23. Qc3 Be8 24. Rc2 Nf6 25. Qc5 Qd6 26. Rb1 Qxc5 27. bxc5 Nd7 28.
Nxd7 Bxd7 29. Rcb2 b5 30. cxb6 a5 31. b7 Kf6 32. Rb6 Ke7 33. Rc1 g5 34. Bb5 Na7
35. Ba6 Be8 36. Ne5 f6 37. Rc7+ Kf8 38. Nd3 Rd7 39. Rc8 Nxc8 40. bxc8=Q Rxb6
41. h3 Rdd6 42. Nc5 Rdc6 43. Qa8 Kf7 44. Be2 Ke7 45. Qa7+ Kd6 46. Nb7+ 1-0

[Event "14. Off. Herner Stadtmeisterschaft 2011"]
[Site "?"]
[Date "2011.02.22"]
[Round "3.10"]
[White "Winterkamp, Sascha"]
[Black "Bartel, Mario"]
[Result "1/2-1/2"]
[WhiteElo "1842"]
[BlackElo "2122"]
[PlyCount "63"]
[EventDate "2011.??.??"]
[WhiteTeam "SG Höntrop 1947"]
[BlackTeam "SV Wattenscheid 30"]

1. d4 Nf6 2. Nf3 g6 3. c3 Bg7 4. Bg5 O-O 5. Nbd2 b6 6. e4 d6 7. Bc4 Bb7 8. Bxf6
exf6 9. Qb3 Qe7 10. Kf1 Nd7 11. Re1 Rae8 12. h4 h5 13. Rh3 Bh6 14. Qc2 Kg7 15.
Bd3 Qd8 16. Ng1 Re7 17. f3 Rfe8 18. Ne2 d5 19. exd5 Bxd5 20. Ne4 f5 21. N4g3
Qa8 22. Bxf5 Bxf3 23. Bxd7 Bxg2+ 24. Kg1 Rxd7 25. Nxh5+ Kh8 26. Rg3 Be4 27. Qa4
Bc6 28. Qc2 gxh5 29. Qf5 Rd5 $4 30. Qf6+ Kh7 31. Qxf7+ Kh8 32. Qf6+ {Warum
nicht Matt setzen?} 1/2-1/2

[Event "14. Off. Herner Stadtmeisterschaft 2011"]
[Site "?"]
[Date "2011.02.22"]
[Round "3.12"]
[White "Pütter, Pascal"]
[Black "Böcker, Jürgen"]
[Result "1-0"]
[WhiteElo "1971"]
[BlackElo "1690"]
[PlyCount "53"]
[EventDate "2011.??.??"]
[WhiteTeam "SV SW Oberhausen"]
[BlackTeam "Velberter SG"]

1. Nf3 f5 2. e4 fxe4 3. Ng5 Nf6 4. d3 e3 5. Bxe3 d5 6. d4 Bf5 7. c4 e6 8. Qb3
Nc6 9. c5 Qd7 10. Nf3 Be4 11. Nbd2 a6 12. a3 Be7 13. Rd1 Bxf3 14. Nxf3 O-O 15.
Bd3 Ng4 16. O-O b6 17. Qc2 Nxe3 18. fxe3 g6 19. cxb6 cxb6 20. Rc1 Rfc8 21. Bxg6
Nxd4 22. Bxh7+ Kh8 23. Qd2 Nxf3+ 24. Rxf3 Rxc1+ 25. Qxc1 Kxh7 26. Qc2+ Kg7 27.
Rg3+ {Restnotation nicht lesbar.} 1-0

[Event "14. Off. Herner Stadtmeisterschaft 2011"]
[Site "?"]
[Date "2011.02.22"]
[Round "3.13"]
[White "Stenzel, Gerhard"]
[Black "Radi, Günter"]
[Result "0-1"]
[WhiteElo "1688"]
[BlackElo "1862"]
[PlyCount "90"]
[EventDate "2011.??.??"]
[WhiteTeam "SV Unser Fritz W-E"]
[BlackTeam "SV Günnigfeld 1922"]

1. d4 d5 2. c4 c6 3. Nc3 g6 4. Nf3 Bg7 5. e3 Nf6 6. h3 O-O 7. Qb3 e6 8. cxd5
exd5 9. Bd3 Nbd7 10. O-O Nb6 11. Na4 Nxa4 12. Qxa4 Ne4 13. Qc2 f5 14. b4 a6 15.
a4 Re8 16. Bb2 Bd7 17. Rfe1 Qf6 18. Ne5 Qd6 19. Nxd7 Qxd7 20. Rab1 Bf8 21. Bc1
Rec8 22. Qb3 Qf7 23. Bxe4 fxe4 24. Rf1 Bd6 25. f3 Qe6 26. Qd1 Rf8 27. f4 Qe7
28. Qe1 Rfc8 29. Bd2 b6 30. Qe2 Qa7 31. Qg4 Qf7 32. Rbc1 Qf5 33. Qh4 Ra7 34. g4
Qe6 35. f5 gxf5 36. Rxf5 Rg7 37. Rcf1 Be7 38. Qf2 Kh8 39. Qe2 Rcg8 40. Kh1 Qh6
41. Rh5 Qg6 42. Qxa6 Qxh5 43. gxh5 Rg3 44. Rf2 Rg1+ 45. Kh2 Bd6+ 0-1

[Event "14. Off. Herner Stadtmeisterschaft 2011"]
[Site "?"]
[Date "2011.02.22"]
[Round "3.14"]
[White "Grothuesmann, Heinz"]
[Black "Schmidt, Ralph"]
[Result "0-1"]
[WhiteElo "1641"]
[BlackElo "1844"]
[PlyCount "42"]
[EventDate "2011.??.??"]
[WhiteTeam "SK RE-Altstadt 06"]
[BlackTeam "SV Linden-Dahlhausen"]

1. e4 e5 2. Nf3 d6 3. d4 exd4 4. Nxd4 Bd7 5. Bc4 Nc6 6. O-O Be7 7. Qh5 Ne5 8.
Qe2 a6 9. Nc3 b5 10. Bb3 c5 11. Ndxb5 axb5 12. Nxb5 Qb6 13. c4 Nf6 14. Bd2 O-O
15. Nc3 Rfe8 16. Rad1 Nc6 17. h3 Nd4 18. Qd3 Nxb3 19. axb3 Qxb3 20. Bf4 Be6 21.
Nd5 Qxd3 0-1

[Event "14. Off. Herner Stadtmeisterschaft 2011"]
[Site "?"]
[Date "2011.02.22"]
[Round "3.15"]
[White "Wimber, Hartmut"]
[Black "Remshagen, Peter"]
[Result "1-0"]
[WhiteElo "1889"]
[BlackElo "1552"]
[PlyCount "51"]
[EventDate "2011.??.??"]
[WhiteTeam "SV Recklinghausen-Süd"]
[BlackTeam "SG Höntrop 1947"]

1. d4 f5 2. h3 Nf6 3. g4 d6 4. Bg2 e6 5. Nc3 c6 6. Qd3 Qb6 7. gxf5 exf5 8. e4
fxe4 9. Nxe4 Nbd7 10. Ng5 Qd8 11. Bd2 Qe7+ 12. Ne2 Nb6 13. O-O-O Bd7 14. Rde1
d5 15. Nf4 Ne4 16. Bxe4 O-O-O 17. Nxd5 cxd5 18. Bxd5 Qd6 19. Bf3 Qf6 20. Ne4
Qf7 21. Kb1 Kb8 22. Ng5 Qg8 23. Bf4+ Ka8 24. Bc7 Rc8 25. Bxb6 axb6 26. Qa6+ 1-0

[Event "14. Off. Herner Stadtmeisterschaft 2011"]
[Site "?"]
[Date "2011.02.22"]
[Round "3.16"]
[White "Przystaw, Andreas"]
[Black "Kowalczyk, Frank"]
[Result "0-1"]
[WhiteElo "1603"]
[BlackElo "1796"]
[PlyCount "78"]
[EventDate "2011.??.??"]
[WhiteTeam "SV Constantin Herne"]
[BlackTeam "SK Herne-Sodingen 24"]

1. e4 e5 2. Nf3 Nc6 3. Bc4 Bc5 4. O-O d6 5. d3 h6 6. c3 Nf6 7. Be3 Bb6 8. h3
O-O 9. Bb3 Be6 10. Nbd2 Ne7 11. Nc4 Ng6 12. Nxb6 Bxb3 13. axb3 axb6 14. Qd2 Kh7
15. Kh2 Nh5 16. d4 Qe7 17. d5 Qd7 18. g3 f5 19. Qe2 Rxa1 20. Rxa1 f4 21. Ng5+
hxg5 22. Qxh5+ Kg8 23. Qxg6 fxe3 24. fxe3 Qb5 25. Qh5 Qd3 26. Qg4 Qd2+ 27. Kh1
Qxb2 28. Qd1 Qf2 29. Qe1 Qf3+ 30. Kh2 Qxe4 31. c4 Qc2+ 32. Kg1 Qxb3 33. Qe2 Qc3
34. Ra7 Qc1+ 35. Kg2 Qb1 36. e4 c6 37. Rxb7 cxd5 38. exd5 Ra8 39. Qe3 Ra2+ 0-1

[Event "14. Off. Herner Stadtmeisterschaft 2011"]
[Site "?"]
[Date "2011.02.22"]
[Round "3.17"]
[White "Hartmann, Thomas"]
[Black "Nebel, Uwe"]
[Result "0-1"]
[WhiteElo "1509"]
[BlackElo "2016"]
[PlyCount "54"]
[EventDate "2011.??.??"]
[WhiteTeam "SK-Herne-Sodingen 24"]
[BlackTeam "SG Drewer 54"]

1. e4 c5 2. g3 d6 3. Bg2 Nc6 4. Nc3 Nf6 5. d3 e6 6. Bg5 Be7 7. f4 h6 8. Bh4 Nh7
9. Bxe7 Qxe7 10. Nf3 d5 11. Qd2 d4 12. Ne2 O-O 13. O-O b6 14. c3 Rd8 15. Rf2
dxc3 16. Qxc3 Bb7 17. Ne5 Nxe5 18. Qxe5 Rxd3 19. f5 Nf6 20. fxe6 fxe6 21. h3
Rad8 22. Raf1 Rd1 23. Nf4 Rxf1+ 24. Rxf1 Rd2 25. Ng6 Qd7 26. Rxf6 gxf6 27. Qxf6
Qd4+ 0-1

[Event "14. Off. Herner Stadtmeisterschaft 2011"]
[Site "?"]
[Date "2011.02.22"]
[Round "3.21"]
[White "Burosch, Raimund"]
[Black "Pohl, Martin"]
[Result "1-0"]
[WhiteElo "1254"]
[BlackElo "1700"]
[PlyCount "115"]
[EventDate "2011.??.??"]
[WhiteTeam "SV Unna 1924"]
[BlackTeam "SV Unser Fritz W-E"]

1. e4 c5 2. Nf3 Nc6 3. d3 g6 4. Nbd2 Bg7 5. g3 e6 6. Bg2 Nge7 7. O-O O-O 8. Re1
b6 9. c3 Bb7 10. Nc4 d5 11. Ncd2 Qc7 12. Nf1 Rad8 13. Qe2 Rfe8 14. e5 d4 15.
Bf4 Nd5 16. Bg5 Nde7 17. Qd2 dxc3 18. bxc3 Ba6 19. Bf6 Bxd3 20. Qf4 h6 21. Ne3
Rd7 22. Ng4 Nd5 23. Nxh6+ Kf8 24. Qh4 Nce7 25. Ng5 Nxf6 26. exf6 Bxf6 27. Nhxf7
(27. Nxe6+ fxe6 28. Qxf6#) 27... Nf5 28. Nh7+ Kg8 29. Qxf6 Rxf7 30. Qxg6+ Rg7
31. Nf6+ Kh8 32. Qh5+ Rh7 33. Qxe8+ Kg7 34. Nxh7 Kxh7 35. Qh5+ Kg7 36. Rxe6 Qf7
37. Qxf7+ Kxf7 38. Rae1 Bc4 39. R6e5 Ng7 40. Bd5+ Bxd5 41. Rxd5 Ne6 42. Rde5
Nd8 43. Re7+ Kf6 44. Rxa7 Kf5 45. h4 Kg4 46. Kg2 Nc6 47. Ra6 Na5 48. Rxb6 c4
49. f3+ Kf5 50. Rb5+ Kf6 51. Rxa5 Kf7 52. Ree5 Kf6 53. Reb5 Ke6 54. Rb6+ Kd7
55. Ra7+ Kc8 56. Rh6 Kb8 57. Rg7 Kc8 58. Rh8# 1-0

[Event "14. Off. Herner Stadtmeisterschaft 2011"]
[Site "?"]
[Date "2011.02.22"]
[Round "3.22"]
[White "Deutschmann, Jürgen"]
[Black "Gallert, Heinz-Peter"]
[Result "0-1"]
[WhiteElo "1701"]
[BlackElo "1736"]
[PlyCount "88"]
[EventDate "2011.??.??"]
[WhiteTeam "SF Buer 21/74"]
[BlackTeam "SV Günnigfeld 1922"]

1. c4 c5 2. Nf3 Nc6 3. Nc3 g6 4. e3 Bg7 5. d4 cxd4 6. exd4 d6 7. Be2 Nf6 8. O-O
O-O 9. d5 Ne5 10. h3 Nxf3+ 11. Bxf3 Qc7 12. b3 Nd7 13. Qd2 Ne5 14. Be2 f5 15.
f4 Qb6+ 16. Kh1 Nd7 17. Na4 Qd8 18. Bb2 Nf6 19. Bf3 Bd7 20. Nc3 a6 21. Ne2 b5
22. cxb5 Bxb5 23. Rfe1 Rb8 24. Nd4 Bd7 25. Nc6 Bxc6 26. dxc6 Re8 27. Qc3 Qc7
28. Re6 Kf8 29. g4 fxg4 30. hxg4 Kf7 31. Rae1 Rb5 32. Qc4 d5 33. Qd4 Nh5 34.
Bxd5 Kf8 35. Qf2 Rxd5 36. gxh5 Rxh5+ 37. Kg2 Bxb2 38. Qxb2 Qxf4 39. Qh8+ Kf7
40. Rxe7+ Rxe7 41. Rxe7+ Kxe7 42. Qg7+ Kd6 43. Qd7+ Kc5 44. c7 Rh2+ 0-1

[Event "14. Off. Herner Stadtmeisterschaft 2011"]
[Site "?"]
[Date "2011.02.22"]
[Round "3.24"]
[White "Säglitz, Patrick"]
[Black "Odenwald, Andreas"]
[Result "0-1"]
[WhiteElo "1382"]
[BlackElo "1590"]
[PlyCount "60"]
[EventDate "2011.??.??"]
[WhiteTeam "SC Gerthe 46"]
[BlackTeam "SV Waltrop 1922"]

1. e4 e6 2. d4 b6 3. c4 Bb7 4. Nc3 Bb4 5. Bd3 Nf6 6. Bg5 h6 7. Bxf6 Qxf6 8. Nf3
d6 9. Qa4+ Nc6 10. d5 Bxc3+ 11. Ke2 Bxb2 12. dxc6 Bc8 13. Rab1 O-O 14. Qb5 Ba3
15. e5 Qe7 16. Rhd1 Bc5 17. Kf1 a5 18. exd6 Bxd6 19. Ne5 Qh4 20. h3 Bc5 21. Qb2
Bd6 22. a3 Ba6 23. Nf3 Qf4 24. Rbc1 e5 25. Re1 Rae8 26. Re4 Qf5 27. Rce1 f6 28.
Nh4 Qh5 29. Rg4 f5 30. Qc2 e4 0-1

[Event "14. Off. Herner Stadtmeisterschaft 2011"]
[Site "?"]
[Date "2011.02.22"]
[Round "3.25"]
[White "Binias, Siegfried"]
[Black "Stratmann, Lars"]
[Result "1-0"]
[WhiteElo "1838"]
[BlackElo "1385"]
[PlyCount "79"]
[EventDate "2011.??.??"]
[WhiteTeam "SF Buer 21/74"]
[BlackTeam "SV SW Oberhausen"]

1. e4 e6 2. d4 d5 3. Nd2 Nf6 4. e5 Nfd7 5. Bd3 c5 6. c3 Qb6 7. Ne2 Nc6 8. Nf3
cxd4 9. cxd4 Bb4+ 10. Bd2 a6 11. O-O Bxd2 12. Qxd2 Nb4 13. Bb1 Qa5 14. a3 Nc6
15. b4 Qc7 16. Bd3 b5 17. Rfc1 Nb6 18. Qg5 Kf8 19. Rxc6 Qxc6 20. Qd8+ Qe8 21.
Qxb6 Bd7 22. Rc1 g6 23. Rc7 Kg7 24. Nc1 Rc8 25. Qd6 Rxc7 26. Qxc7 Qc8 27. Qc5
Qb7 28. Qe7 Rc8 29. Nb3 Rc3 30. Nc5 Qc8 31. Ng5 Qe8 32. Ngxe6+ Kg8 33. Qxe8+
Bxe8 34. Nc7 Kf8 35. Nxd5 Rxa3 36. Nc7 Bc6 37. d5 Bb7 38. d6 Bc8 39. Bf1 Ra1
40. d7 1-0

[Event "14. Off. Herner Stadtmeisterschaft 2011"]
[Site "?"]
[Date "2011.02.22"]
[Round "3.26"]
[White "Sikorski, Thomas"]
[Black "Bittner, Reinhard"]
[Result "1-0"]
[WhiteElo "1847"]
[BlackElo "1408"]
[PlyCount "73"]
[EventDate "2011.??.??"]
[WhiteTeam "SK Herne-Sodingen 24"]
[BlackTeam "SV Unser Fritz W-E"]

1. c4 f5 2. Nc3 Nf6 3. Nf3 e6 4. d4 d5 5. e3 c6 6. cxd5 exd5 7. Bd3 Ne4 8. Qe2
Bd6 9. Bd2 O-O 10. O-O-O Nd7 11. Ne1 b6 12. Kb1 Bb7 13. f3 Nxd2+ 14. Qxd2 c5
15. Qc2 g6 16. Nb5 Be7 17. e4 dxe4 18. fxe4 Bxe4 19. Bxe4 fxe4 20. Qxe4 Nf6 21.
Qe6+ Rf7 22. Nf3 Qd7 23. Qxf7+ Kxf7 24. Ne5+ Ke6 25. Nxd7 Kxd7 26. dxc5+ Kc6
27. Nd4+ Kxc5 28. b4+ Kc4 29. a3 Ne4 30. Ne2 Kb3 31. Rd3+ Ka4 32. Re3 Nd2+ 33.
Kc2 Bg5 34. Nc3+ Kxa3 35. Ra1+ Kxb4 36. Ra4+ Kc5 37. Re5+ 1-0

[Event "14. Off. Herner Stadtmeisterschaft 2011"]
[Site "?"]
[Date "2011.02.22"]
[Round "3.28"]
[White "Grunwald, Günther"]
[Black "Kümmel, Hans-Jürgen"]
[Result "1/2-1/2"]
[WhiteElo "1695"]
[BlackElo "1380"]
[PlyCount "49"]
[EventDate "2011.??.??"]
[WhiteTeam "SV SW Oberhausen"]
[BlackTeam "SG Höntrop 1947"]

1. e4 c5 2. c3 Nf6 3. e5 Nd5 4. d4 cxd4 5. cxd4 Nc6 6. Nf3 e6 7. Nc3 Nxc3 8.
bxc3 Be7 9. Be2 a6 10. O-O O-O 11. c4 d5 12. exd6 Qxd6 13. Be3 Qd8 14. d5 Nb8
15. Qb3 exd5 16. cxd5 Nd7 17. Rad1 Nf6 18. d6 Bxd6 19. Bf4 Be6 20. Bc4 Bxc4 21.
Qxc4 Rc8 22. Qb3 Ne4 23. Qxb7 Qc7 24. Qxc7 Bxc7 25. Bxc7 1/2-1/2

[Event "14. Off. Herner Stadtmeisterschaft 2011"]
[Site "?"]
[Date "2011.03.01"]
[Round "4.3"]
[White "Brinkmann, Uwe"]
[Black "Trzaska, Peter"]
[Result "0-1"]
[WhiteElo "1950"]
[BlackElo "2126"]
[PlyCount "154"]
[EventDate "2011.??.??"]
[WhiteTeam "SV Günnigfeld 1922"]
[BlackTeam "SK Herne-Sodingen 24"]

1. d4 Nf6 2. Nf3 c5 3. c4 cxd4 4. Nxd4 Nc6 5. Nc3 g6 6. e4 d6 7. Be2 Bg7 8. Nc2
O-O 9. Be3 Be6 10. O-O Nd7 11. Qd2 Nc5 12. Nd4 Nxd4 13. Bxd4 Bxd4 14. Qxd4 Qb6
15. Rab1 Na4 16. Qxb6 Nxb6 17. Nd5 Bxd5 18. cxd5 Rac8 19. Rfc1 f5 20. f3 Kg7
21. Bd3 f4 22. Kf2 Kf6 23. Ke2 Ke5 24. Rc3 Rxc3 25. bxc3 Rc8 26. Kd2 Rc5 27.
Bb5 e6 28. dxe6 Kxe6 29. Rb4 Rh5 30. h3 Rg5 31. Bf1 Ra5 32. Rb2 Kd7 33. Bb5+
Kc7 34. Kd3 a6 35. Bc4 Rc5 36. Bg8 h6 37. Bf7 Nd7 38. Bd5 b5 39. a3 Nb6 40. Bf7
Na4 41. Rc2 g5 42. Bb3 Nb6 43. Kd4 Nc4 44. Ra2 Ne5 45. Bd5 Nc6+ 46. Kd3 Ne7 47.
Bf7 a5 48. Rb2 Nc6 49. Bd5 Ne5+ 50. Kd4 Nc4 51. Ra2 Ne3 52. Bf7 Kb6 53. Bb3 Kc6
54. Re2 Nc4 55. Rc2 Nb6 56. Re2 Kd7 57. Rc2 Ke7 58. Ra2 Kf6 59. Re2 Nd7 60. c4
Ne5 61. cxb5 Rxb5 62. Ba4 Rc5 63. Rc2 Nc6+ 64. Kd3 Rxc2 65. Kxc2 Ne7 66. Kc3
Ke5 67. Bb3 Nc6 68. Bd5 Nd4 69. Bc4 h5 70. Bf7 h4 71. Bc4 Nc6 72. Ba2 Nb8 73.
Kc4 Nd7 74. Kb5 Kd4 75. Kxa5 Nc5 76. Kb4 g4 77. hxg4 Nxe4 0-1

[Event "14. Off. Herner Stadtmeisterschaft 2011"]
[Site "?"]
[Date "2011.03.01"]
[Round "4.6"]
[White "Wolff, Christoph"]
[Black "Winterkamp, Sascha"]
[Result "1/2-1/2"]
[WhiteElo "2091"]
[BlackElo "1842"]
[PlyCount "122"]
[EventDate "2011.??.??"]
[WhiteTeam "SC Buer-Hassel 1919"]
[BlackTeam "SG Höntrop 1947"]

1. e4 c5 2. Nf3 d6 3. d4 cxd4 4. Nxd4 Nf6 5. Nc3 a6 6. Bg5 e6 7. f4 Nbd7 8. Qf3
Qb6 9. O-O-O Qc7 10. Kb1 Be7 11. g4 b5 12. Bxf6 gxf6 13. g5 Bb7 14. Qh5 Nc5 15.
gxf6 b4 16. Nd5 exd5 17. fxe7 Qxe7 18. Nf5 Qc7 19. Ng7+ Kd8 20. exd5 Kc8 21.
Bh3+ Kb8 22. Rhe1 Na4 23. Qf3 a5 24. Qe3 Ra6 25. Qd4 Rg8 26. Ne8 Qc5 27. Nf6
Qxd4 28. Rxd4 Rg6 29. Ng4 Nb6 30. Ne3 Ra8 31. Bf5 Rg7 32. Be4 Kc7 33. Nf5 Rg6
34. Bf3 Bc8 35. Ng3 Bd7 36. f5 Rg5 37. Rf4 Re8 38. Rxe8 Bxe8 39. c4 bxc3 40.
bxc3 Bb5 41. Rh4 Bd3+ 42. Kb2 Bxf5 43. Nxf5 Rxf5 44. Be4 Rf2+ 45. Kb3 Nd7 46.
Bxh7 Nc5+ 47. Ka3 Rf3 48. Kb2 f5 49. Rd4 Rf2+ 50. Kb1 f4 51. h4 f3 52. Rf4 Rf1+
53. Kb2 f2 54. h5 Rh1 55. Rxf2 Rxh5 56. Rf7+ Kb6 57. Bf5 Rh2+ 58. Ka3 Rd2 59.
Be6 Rd3 60. Kb2 Na4+ 61. Kb3 Nc5+ 1/2-1/2

[Event "14. Off. Herner Stadtmeisterschaft 2011"]
[Site "?"]
[Date "2011.03.01"]
[Round "4.9"]
[White "Kowalczyk, Frank"]
[Black "Gorzinski, Dariusz"]
[Result "0-1"]
[WhiteElo "1796"]
[BlackElo "1911"]
[PlyCount "97"]
[EventDate "2011.??.??"]
[WhiteTeam "SK Herne-Sodingen 24"]
[BlackTeam "SC Schalksmühle"]

1. c4 c6 2. Nc3 Nf6 3. d4 d5 4. e3 Bf5 5. Nf3 e6 6. Be2 dxc4 7. Bxc4 Nbd7 8.
O-O Nb6 9. Bb3 Bg4 10. h3 Bh5 11. Qe2 Be7 12. Bd2 O-O 13. Bc2 Nbd5 14. a3 Rc8
15. g4 Bg6 16. Bxg6 hxg6 17. e4 Nb6 18. Bf4 Re8 19. Rfd1 Nfd7 20. Kg2 g5 21.
Bg3 Nf8 22. Qc2 Ng6 23. Ne2 Nd7 24. Rd3 Qa5 25. Rad1 e5 26. dxe5 Ndxe5 27. Nxe5
Nxe5 28. Rb3 b6 29. Bxe5 Qxe5 30. Ng3 Bc5 31. Rf3 g6 32. b4 Bf8 33. Rd7 Re7 34.
Rd1 a5 35. Qd2 Ra7 36. Rd3 axb4 37. axb4 Rca8 38. Rf3 c5 39. bxc5 Bxc5 40. Rf1
Re8 41. Rb1 Ree7 42. Rbb3 Ra4 43. Rbd3 Rd4 44. Rxd4 Bxd4 45. Rb3 Bc5 46. Rf3
Kg7 47. Rd3 Re6 48. Rf3 Rd6 49. Qa2 {Zeitüberschreitung} 0-1

[Event "14. Off. Herner Stadtmeisterschaft 2011"]
[Site "?"]
[Date "2011.03.01"]
[Round "4.12"]
[White "Madeya, Jürgen"]
[Black "Pütter, Pascal"]
[Result "1/2-1/2"]
[WhiteElo "1532"]
[BlackElo "1971"]
[PlyCount "102"]
[EventDate "2011.??.??"]
[WhiteTeam "SV Horst-Emscher 31"]
[BlackTeam "SV SW Oberhausen"]

1. e4 e5 2. f4 exf4 3. Nf3 g5 4. Bc4 Bg7 5. d4 Nc6 6. h4 h6 7. hxg5 hxg5 8.
Rxh8 Bxh8 9. g3 d6 10. c3 g4 11. Bxf4 gxf3 12. Qxf3 Qf6 13. Qh5 Qg7 14. Nd2 Bd7
15. Kf2 O-O-O 16. Bg5 Nf6 17. Qh4 Ng4+ 18. Kg2 Nxd4 19. cxd4 Qxd4 20. Rf1 Bf6
21. Rf3 Bxg5 22. Qxg5 Rh8 23. Rxf7 Rh2+ 24. Kf1 Ne3+ 25. Kg1 Rg2+ 26. Kh1 Qh8+
27. Qh4 Qxh4+ 28. gxh4 b5 29. Nf1 Rg4 30. Nxe3 Rxh4+ 31. Kg2 bxc4 32. Nd5 Rxe4
33. Rxd7 c6 34. Nc3 Kxd7 35. Nxe4 d5 36. Nd2 Kd6 37. Kf3 Ke5 38. Nb1 Kd4 39.
Ke2 c5 40. Kd2 a6 41. a3 Ke5 42. Kc3 Kd6 43. Nd2 Kc6 44. Nf3 Kb5 45. Ne5 a5 46.
a4+ Kxa4 47. Nxc4 d4+ 48. Kd3 Kb4 49. b3 Kxb3 50. Nxa5+ Ka4 51. Nc4 Kb3 1/2-1/2

[Event "14. Off. Herner Stadtmeisterschaft 2011"]
[Site "?"]
[Date "2011.03.01"]
[Round "4.15"]
[White "Bartel, Mario"]
[Black "Gallert, Heinz-Peter"]
[Result "1-0"]
[WhiteElo "2122"]
[BlackElo "1736"]
[PlyCount "101"]
[EventDate "2011.??.??"]
[WhiteTeam "SV Wattenscheid 30"]
[BlackTeam "SV Günnigfeld 1922"]

1. e4 c5 2. Nf3 Nc6 3. c4 g6 4. d4 cxd4 5. Nxd4 Bg7 6. Be3 Nf6 7. Nc3 O-O 8.
Be2 d6 9. O-O Ne5 10. f3 Bd7 11. Qd2 Rc8 12. b3 Re8 13. Rfd1 a6 14. Rac1 Qa5
15. g4 Rf8 16. g5 Nh5 17. Nd5 Qd8 18. Nc2 f5 19. gxf6 Nxf6 20. Rf1 Rf7 21.
Nxf6+ Bxf6 22. Nd4 Bh3 23. Rfd1 Qd7 24. Kh1 Bh4 25. Rg1 Rcf8 26. Rc3 Bf6 27.
Bh6 Nc6 28. Nxc6 Qxc6 29. Bxf8 Bxc3 30. Qxc3 Rxf8 31. Qe3 Kg7 32. Rg3 Bc8 33.
h4 e5 34. h5 Rf4 35. hxg6 hxg6 36. Kg2 Qe8 37. Qd2 Qe7 38. Kf2 Bd7 39. Ke3 Bc6
40. Bd1 Qh4 41. Qg2 Rf6 42. Rh3 Qf4+ 43. Kd3 b5 44. Qh1 Qc1 45. Rh7+ Kf8 46.
Rc7 bxc4+ 47. bxc4 Qb1+ 48. Ke2 Qxa2+ 49. Kf1 Qxc4+ 50. Kg2 Qa2+ 51. Kg3 1-0